| 000 | 02824nam a2200301 a 4500 | ||
|---|---|---|---|
| 003 | OSt | ||
| 005 | 20260210131125.0 | ||
| 007 | cr ||||||a|c|a | ||
| 008 | 240212s2020 mx a|||fom||| 001 0 spa d | ||
| 040 | _erda | ||
| 100 | 1 |
_9188688 _aGómez Mendez, Martha Daniela |
|
| 245 | 1 | 0 |
_aInclusión de suero de leche en dietas para cerdos al destete / _cpor Martha Daniela Gómez Mendez y Leonardo Daniel Paredes Reyes; director de tesis José Ma. Fernando Copado Bueno. |
| 264 | 1 |
_aChapingo, México : _bEl autor, _c2020. |
|
| 300 |
_a1 recurso en línea ( 86 páginas): _bcuadros, figuras. |
||
| 336 |
_2rdacontent _atexto _btxt |
||
| 337 |
_2rdamedia _acomputadora _bc |
||
| 338 |
_2rdacarrier _arecurso en línea _bcr |
||
| 502 |
_bIAEZ _cZootecnía _d2020. _gLIC |
||
| 504 | _aIncluye referencias bibliográficas: páginas 62-67. | ||
| 520 | _aEl experimento se realizó en una unidad de producción porcina de la comunidad Las Vigas de Ramírez, Veracruz. Los objetivos fueron: Probar la inclusión de suero de leche al 50 y 75% con base en el consumo de agua por día en cerdos al destete, estimar la ganancia diaria de peso (GDP), y evaluar las diferencias entre tratamientos para justificar la inclusión de suero de leche en la dieta para cerdos al destete. Se utilizaron 36 lechones de cuarenta y cinco días de edad con un peso vivo (PV) entre 7 y 12 kg. Los tratamientos fueron tres: sin suero de leche más concentrado comercial (T1), 50% suero de leche con base en el consumo de agua por día más concentrado (T2) y 75% suero de leche con base en el consumo de agua por día más concentrado (T3). Los lechones fueron asignados al azar en grupos de seis animales, asignando un tratamiento a dos grupos. Para el T1 se realizaron siete pesajes que se registraron en el día 0,15, 36, 57, 76, 96 y 131. Para el caso de los tratamientos dos y tres, se registraron seis pesajes en los días 0, 24, 45, 64, 84, 119. Los pesos obtenidos fueron analizados como un diseño completamente al azar con mediciones repetidas en el tiempo y se encontró diferencias significativas (p<0.0001) entre los tratamientos, así como también existieron diferencias significativas para días a mercado entre los tratamientos (p<0.0001). Para el análisis de GDP se usó el mismo método estadístico y se observaron diferencias significativas entre los tratamientos por periodo (p<0.0001). | ||
| 650 | 4 |
_9127193 _aSuero de leche como suplemento dietético |
|
| 650 | 7 |
_965444 _aLechones _xAlimentación |
|
| 650 | 4 |
_9187087 _aSuplementos dietéticos |
|
| 700 | 1 |
_9188687 _aParedes Reyes, Leonardo Daniel |
|
| 700 | 1 |
_aCopado Bueno, José María Fernando _eDirector de tesis. _9143261 |
|
| 856 |
_uhttp://10.13.5.2/tesis/tl/Gomez_Mendez_Martha_Daniela.pdf _zDESCARGAR PDF |
||
| 942 |
_2Clasificación Universidad Autónoma Chapingo _cTD |
||
| 999 |
_c219663 _d219663 |
||